000 00299nam a2200133Ia 4500
005 20251222144649.0
008 251222s9999||||xx |||||||||||||| ||spa||
082 _a255.08/L38
100 _aLefebvre, Gaspar
245 0 _aLiturgia:
250 _a2a.ed.
264 _bLibrería Nueva
942 _cLIB
999 _c16984
_d16984